000 00491nam a2200181Ia 4500
001 3344
005 20260306145636.0
008 260306t2005||||xx |||||||||||||| ||spa||
041 _aESP
082 _a270
_bL12 2005
100 _aLaboa, Juan María
_eAUT
245 0 _aHistoria de la iglesia:
_bedad antigua, media, moderna y contemporánea y la iglesia en España
260 _c2005
300 _a1583 páginas :
_c25 cm.
650 _aGEN
654 _aCHU
942 _cLIB
_dJUS
_fJUS
_2ddc
_n
999 _c3344
_d3344